| 000 | 01164cam a22001934a 4500 | ||
|---|---|---|---|
| 005 | 20250605164129.0 | ||
| 008 | 250528s ||||||||||||||||||||||||d | ||
| 035 | _a18570 | ||
| 020 | _a1564961648 | ||
| 040 |
_aGR-AtMCL _bgre _dGR-AtMCL _eAACR2 |
||
| 245 | 1 | _aThe Best Calendar Design and Graphics / Compiled by the Calendar Marketing Association | |
| 260 |
_bRockport Publishers, _c1995 |
||
| 300 | _a162 | ||
| 520 | _aThe first annual collection featuring the winners of the Calendar Marketing Association's prestigious Calendar awards program, which recognizes high quality calendar design both nationally and internationally. Acknowledgements, Introduction, Best of Show, Best Classical Art, Best Contemporary Art, Best Production/ Color Separation and Finishing and Printing and Use of Paper, Best Graphic Design and Best Typography, Best Photography and Glamour and Nature/ Scenic, Most Original, Best Theme, Best Cartoon Art and Most Humorous, Best Children's and Most Educational, Most Creative Marketing Application, Best Nonprofit, Index. | ||
| 710 | 2 |
_aCalendar Marketing Associations _99754 |
|
| 942 | _cBK | ||
| 999 |
_c3919 _d3919 |
||